Ч. 1; Сопротивление материалов

Bibliographic Details
Parent link:Сопротивление материалов: учебное пособие/ В. А. Хохлов, К. Н. Цукублина, Н. А. Куприянов; Томский политехнический университет (ТПУ), Институт дистанционного образования (ИДО). Ч. 1.— , 2001-
Language:Russian
Published: 2001
Subjects:
Format: Book
KOHA link:https://koha.lib.tpu.ru/cgi-bin/koha/opac-detail.pl?biblionumber=38476

MARC

LEADER 00000nam2a2200000 4500
001 38476
005 20231031010017.0
035 |a (RuTPU)RU\TPU\book\39233 
090 |a 38476 
100 |a 20020306d2001 m y0rusy50 ca 
101 0 |a rus 
102 |a RU 
105 |a a j 001zy 
200 0 |a Ч. 1 
210 |d 2001 
215 |a 106 с.  |c ил. 
320 |a Библиогр.: с. 103 
461 1 |0 (RuTPU)RU\TPU\book\39427  |t Сопротивление материалов  |o учебное пособие  |f В. А. Хохлов, К. Н. Цукублина, Н. А. Куприянов  |v Ч. 1  |g Томский политехнический университет (ТПУ), Институт дистанционного образования (ИДО)  |d 2001- 
610 1 |a физика 
610 1 |a сопротивление материалов 
610 1 |a растяжение 
610 1 |a сжатие 
610 1 |a сдвиг 
610 1 |a кручение 
610 1 |a плоские сечения 
610 1 |a прочность 
610 1 |a изгиб 
610 1 |a учебные пособия 
675 |a 539.3/.6(075.8)  |v 3 
801 1 |a RU  |b 63413507  |c 20020306  |g PSBO 
801 2 |a RU  |b 63413507  |c 20220401  |g PSBO 
942 |c BK